[Event "21. Ciutat de Montcada 2013"]
[Site "Montcada i Reixac ESP"]
[Date "2013.06.27"]
[Round "3.9"]
[White "Nisipeanu, Liviu-Dieter"]
[Black "Panelo, Marcelo"]
[Result "1-0"]
[WhiteElo "2667"]
[BlackElo "2428"]
[PlyCount "83"]
[EventDate "2013.06.25"]
[EventType "swiss"]
[EventRounds "9"]
[EventCountry "ESP"]
[Source "lmi"]
[SourceDate "2013.06.25"]

1. d4 Nf6 2. c4 e6 3. Nc3 Bb4 4. e3 O-O 5. Bd3 d5 6. a3 dxc4 7. Bxc4 Bxc3+ 8.
bxc3 c5 9. Ne2 Qc7 10. Bd3 e5 11. O-O Nc6 12. Bb2 Re8 13. e4 c4 14. Bc2 exd4
15. cxd4 Nxe4 16. d5 Bg4 17. Bxe4 Rxe4 18. f3 Qb6+ 19. Rf2 Qxb2 20. dxc6 Bxf3
21. gxf3 Re7 22. Rb1 Qxa3 23. Rxb7 Rxb7 24. cxb7 Rb8 25. Qd7 Qa6 26. Qc7 Qxb7
27. Qxc4 Rd8 28. Ng3 h6 29. Kg2 Qb6 30. Re2 a5 31. Qa4 Qc5 32. Ra2 Rb8 33. Rc2
Qe5 34. Qe4 Qg5 35. Kh3 g6 36. Rc7 Qf6 37. Qc6 Qf4 38. Ra7 h5 39. Rxa5 h4 40.
Ne2 Qe3 41. Ra8 Rxa8 42. Qxa8+ 1-0

[Event "21. Ciutat de Montcada 2013"]
[Site "Montcada i Reixac ESP"]
[Date "2013.06.27"]
[Round "3.11"]
[White "Cabrera, Alexis"]
[Black "Camacho Collados, Jose"]
[Result "1-0"]
[WhiteElo "2525"]
[BlackElo "2371"]
[PlyCount "87"]
[EventDate "2013.06.25"]
[EventType "swiss"]
[EventRounds "9"]
[EventCountry "ESP"]
[Source "lmi"]
[SourceDate "2013.06.25"]

1. d4 g6 2. e4 Bg7 3. Nc3 d6 4. f4 Nd7 5. Nf3 e6 6. Be2 a6 7. O-O Ne7 8. e5 b5
9. d5 Nxd5 10. Nxd5 exd5 11. Qxd5 Nb6 12. Qd1 d5 13. Be3 c6 14. b3 O-O 15. a4
bxa4 16. bxa4 a5 17. Rb1 Rb8 18. Bc5 Re8 19. Qd4 Nd7 20. Rxb8 Nxb8 21. Bb6 Qe7
22. Bxa5 Nd7 23. Bd3 Bb7 24. Bd2 c5 25. Qb2 Bc6 26. Bb5 Rb8 27. Rb1 Bxb5 28.
axb5 f6 29. Qa2 c4 30. Qa7 fxe5 31. fxe5 Qe6 32. Be3 Bxe5 33. Nxe5 Qxe5 34. Bf2
Qd6 35. c3 Re8 36. Bd4 Re7 37. Qb7 Nf6 38. Qa6 Ne8 39. Qc8 Qd7 40. Qa6 Qf5 41.
Rf1 Qe6 42. b6 Nd6 43. Qa8+ Re8 44. b7 1-0

[Event "21. Ciutat de Montcada 2013"]
[Site "Montcada i Reixac ESP"]
[Date "2013.06.27"]
[Round "3.12"]
[White "Cruz, Cristhian"]
[Black "Vehi Bach, Victor Manuel"]
[Result "1-0"]
[WhiteElo "2499"]
[BlackElo "2321"]
[PlyCount "73"]
[EventDate "2013.06.25"]
[EventType "swiss"]
[EventRounds "9"]
[EventCountry "ESP"]
[Source "lmi"]
[SourceDate "2013.06.25"]

1. d4 Nf6 2. c4 e6 3. Nc3 Bb4 4. e3 O-O 5. Bd3 d5 6. Nf3 c5 7. O-O Nc6 8. a3
Ba5 9. Ne2 cxd4 10. exd4 dxc4 11. Bxc4 h6 12. Bf4 Bc7 13. Qd3 Bxf4 14. Nxf4 Qd6
15. g3 Bd7 16. Rfe1 Rad8 17. Rad1 a6 18. Ba2 Ne7 19. Ne5 Bb5 20. Qc2 Rc8 21.
Qd2 Ned5 22. Ng2 Rc7 23. Rc1 Rfc8 24. Rxc7 Rxc7 25. h4 Qd8 26. g4 Qc8 27. Bb3
Nd7 28. Bxd5 exd5 29. Ne3 Nxe5 30. dxe5 Qd8 31. Nf5 Rc4 32. f3 Qb6+ 33. Kg2 Qc5
34. Re2 Bd7 35. b4 Qc7 36. Ne3 Rc1 37. Nxd5 1-0

[Event "21. Ciutat de Montcada 2013"]
[Site "Montcada i Reixac ESP"]
[Date "2013.06.27"]
[Round "3.13"]
[White "Ruiz Aguilar, Pablo Alexander"]
[Black "Cuartas, Jaime Alexander"]
[Result "0-1"]
[WhiteElo "2307"]
[BlackElo "2484"]
[PlyCount "158"]
[EventDate "2013.06.25"]
[EventType "swiss"]
[EventRounds "9"]
[EventCountry "ESP"]
[Source "lmi"]
[SourceDate "2013.06.25"]

1. e4 c5 2. Nf3 Nc6 3. d4 cxd4 4. Nxd4 Qb6 5. Nb3 Nf6 6. Bd3 g6 7. O-O Bg7 8.
c4 d6 9. h3 O-O 10. Nc3 a5 11. Be3 Qd8 12. Na4 Nd7 13. c5 dxc5 14. Nbxc5 Nd4
15. Nb3 e5 16. Rc1 b5 17. Nc3 a4 18. Na1 Qa5 19. Nd5 Bb7 20. Bd2 Qd8 21. Bb4
Bxd5 22. exd5 Re8 23. Nc2 Rb8 24. Re1 Nxc2 25. Rxc2 Nf6 26. d6 Bf8 27. Rc6 Re6
28. Be4 Qd7 29. Rc7 Qd8 30. Rc6 Qd7 31. Qc2 Bxd6 32. Rd1 Nxe4 33. Qxe4 Qxc6 34.
Qxc6 Bxb4 35. Qc7 Ree8 36. Rd7 Rbc8 37. Qb7 Rb8 38. Qe4 Bf8 39. Qd5 Re6 40. Ra7
h5 41. g4 hxg4 42. hxg4 e4 43. g5 b4 44. Rxa4 e3 45. fxe3 Rxe3 46. Ra7 Re6 47.
Qc4 Rd8 48. Rb7 Bd6 49. Kg2 Bf8 50. Kf3 Bd6 51. Rd7 Rde8 52. Rxd6 Rxd6 53. Qxb4
Rd5 54. a4 Rxg5 55. a5 Rf5+ 56. Kg4 Ra8 57. Qc3 Raxa5 58. Qc8+ Kh7 59. Qc4 Rab5
60. b4 Rb7 61. Kg3 Rfb5 62. Qh4+ Kg7 63. Qd4+ f6 64. Qd8 Rxb4 65. Kf3 Rb3+ 66.
Ke2 Rb2+ 67. Kd3 g5 68. Qd5 Re7 69. Qf5 Rbe2 70. Qc8 R2e4 71. Kc3 R4e5 72. Qg4
Re3+ 73. Kd2 Re2+ 74. Kd1 Rh2 75. Qd4 Rb7 76. Kc1 Rc7+ 77. Kb1 Rh4 78. Qd6 Rhc4
79. Qd5 Rb4+ 0-1

[Event "21. Ciutat de Montcada 2013"]
[Site "Montcada i Reixac ESP"]
[Date "2013.06.27"]
[Round "3.15"]
[White "Kjartansson, Gudmundur"]
[Black "Martinez Ramirez, Erik"]
[Result "0-1"]
[WhiteElo "2453"]
[BlackElo "2306"]
[PlyCount "98"]
[EventDate "2013.06.25"]
[EventType "swiss"]
[EventRounds "9"]
[EventCountry "ESP"]
[Source "lmi"]
[SourceDate "2013.06.25"]

1. c4 Nf6 2. g3 g6 3. Bg2 d5 4. cxd5 Nxd5 5. Nc3 Nb6 6. d3 Bg7 7. Be3 Nc6 8.
Rc1 Nd4 9. Qd2 c6 10. Bh6 O-O 11. Bxg7 Kxg7 12. e3 Ne6 13. d4 Nc7 14. Nf3 Re8
15. b3 a5 16. h4 h5 17. Ne4 a4 18. O-O Ra7 19. Qb2 f6 20. Nc5 a3 21. Qc2 Bf5
22. e4 Bg4 23. Qc3 Nb5 24. Qb4 Nd7 25. d5 e5 26. Nxb7 Rxb7 27. dxc6 Rb6 28.
cxd7 Qxd7 29. Nh2 Rd6 30. Rfe1 Rd2 31. Nxg4 hxg4 32. Qa4 Qd4 33. Re3 Qb2 34.
Rf1 Rb8 35. Qa6 Rd6 36. Qa5 Qxa2 37. Rc1 Qd2 38. Qxd2 Rxd2 39. Bf1 a2 40. Bxb5
Rxb5 41. Ra1 Rb2 42. Kf1 Rc5 43. Re2 Rcc2 44. Rxc2 Rxc2 45. Kg2 Rb2 46. b4 Kf7
47. Rc1 Rb1 48. Rc7+ Ke6 49. Rc6+ Kd7 0-1

[Event "21. Ciutat de Montcada 2013"]
[Site "Montcada i Reixac ESP"]
[Date "2013.06.27"]
[Round "3.16"]
[White "Garcia, Eduardo"]
[Black "Valdes, Leonardo"]
[Result "1/2-1/2"]
[WhiteElo "2254"]
[BlackElo "2436"]
[PlyCount "118"]
[EventDate "2013.06.25"]
[EventType "swiss"]
[EventRounds "9"]
[EventCountry "ESP"]
[Source "lmi"]
[SourceDate "2013.06.25"]

1. e4 d6 2. d4 Nf6 3. Nc3 g6 4. h3 Bg7 5. Nf3 O-O 6. g4 c6 7. Bg2 b5 8. a3 Bb7
9. O-O Nfd7 10. Bg5 Na6 11. Re1 Nc7 12. e5 dxe5 13. Nxe5 Nxe5 14. dxe5 Re8 15.
Qe2 Ne6 16. Rad1 Qc7 17. Bc1 Red8 18. f4 Rxd1 19. Rxd1 Rd8 20. Rf1 g5 21. f5
Nd4 22. Qf2 Bxe5 23. Bxg5 f6 24. Bh6 Bg3 25. Qe3 Qe5 26. Ne4 Bh2+ 27. Kh1 c5
28. Nxf6+ exf6 29. Bxb7 Qxe3 30. Bxe3 Nxc2 31. Bxc5 Be5 32. Be4 Rd2 33. Rc1 Nd4
34. Bxd4 Rxd4 35. Bc6 Rd2 36. Bxb5 Rxb2 37. a4 Rh2+ 38. Kg1 Rxh3 39. Rc4 Kg7
40. Kg2 Rg3+ 41. Kf2 Ra3 42. Be8 Kh6 43. Bc6 Kg5 44. Bf3 Bf4 45. Be2 Ra2 46.
Re4 Be5 47. Rc4 a5 48. Kf3 Ra3+ 49. Kf2 Kh4 50. Bd1 Ra2+ 51. Ke3 Ra1 52. Ke2 h6
53. Kd2 Ra2+ 54. Kd3 Kg5 55. Re4 Bf4 56. Kc3 Ra1 57. Be2 Bd6 58. Bb5 Bb4+ 59.
Kc2 Rg1 1/2-1/2

[Event "21. Ciutat de Montcada 2013"]
[Site "Montcada i Reixac ESP"]
[Date "2013.06.27"]
[Round "3.17"]
[White "Arribas Robaina, Maritza"]
[Black "Gleizerov, Evgeny"]
[Result "0-1"]
[WhiteElo "2331"]
[BlackElo "2553"]
[PlyCount "47"]
[EventDate "2013.06.25"]
[EventType "swiss"]
[EventRounds "9"]
[EventCountry "ESP"]
[Source "lmi"]
[SourceDate "2013.06.25"]

1. e4 e6 2. d4 d5 3. exd5 exd5 4. Bd3 c5 5. dxc5 Bxc5 6. Nf3 Nf6 7. O-O O-O 8.
h3 Nc6 9. c3 Qc7 10. Nbd2 Bxh3 11. gxh3 Qg3+ 12. Kh1 Qxh3+ 13. Kg1 Ng4 14.
Bxh7+ Qxh7 15. Nb3 Nce5 16. Bf4 Nxf2 17. Rxf2 Bxf2+ 18. Kxf2 Nd3+ 19. Kg3 Qg6+
20. Ng5 f6 21. Nc5 Nxc5 22. Qxd5+ Rf7 23. Qxc5 fxg5 24. Be5 0-1

[Event "21. Ciutat de Montcada 2013"]
[Site "Montcada i Reixac ESP"]
[Date "2013.06.27"]
[Round "3.18"]
[White "Gallart Zafra, Jaume"]
[Black "Narciso Dublan, Marc"]
[Result "0-1"]
[WhiteElo "2279"]
[BlackElo "2536"]
[PlyCount "40"]
[EventDate "2013.06.25"]
[EventType "swiss"]
[EventRounds "9"]
[EventCountry "ESP"]
[Source "lmi"]
[SourceDate "2013.06.25"]

1. f4 g6 2. Nf3 Bg7 3. e3 d6 4. Bc4 Nf6 5. O-O O-O 6. d4 c5 7. b3 cxd4 8. exd4
Nc6 9. Bb2 d5 10. Bb5 Qb6 11. Nc3 Bg4 12. Bxc6 Qxc6 13. Qe1 Bxf3 14. Rxf3 e6
15. Rc1 b5 16. Qh4 Qb6 17. f5 exf5 18. Re1 Rfe8 19. Rfe3 Rxe3 20. Rxe3 Qc6 0-1

[Event "21. Ciutat de Montcada 2013"]
[Site "Montcada i Reixac ESP"]
[Date "2013.06.27"]
[Round "3.19"]
[White "Abhishek, Kelkar"]
[Black "Ulibin, Mikhail"]
[Result "0-1"]
[WhiteElo "2274"]
[BlackElo "2523"]
[PlyCount "67"]
[EventDate "2013.06.25"]
[EventType "swiss"]
[EventRounds "9"]
[EventCountry "ESP"]
[Source "lmi"]
[SourceDate "2013.06.25"]

1. Nf3 d5 2. d4 c6 3. c4 dxc4 4. e3 Be6 5. a4 Na6 6. Na3 Nb4 7. Ne5 Nf6 8. Bd2
Nd3+ 9. Nxd3 cxd3 10. Bxd3 g6 11. O-O Bg7 12. b4 O-O 13. Qc2 Rc8 14. Rac1 Qd5
15. Nc4 Bf5 16. Bxf5 gxf5 17. Na5 Qd7 18. Rfd1 Kh8 19. Be1 Bh6 20. Qe2 f4 21.
e4 f3 22. Qxf3 Bxc1 23. Rxc1 b6 24. Nc4 Qe6 25. e5 Nd5 26. Ne3 f6 27. b5 fxe5
28. Rxc6 Qxc6 29. Qxf8+ Rxf8 30. bxc6 Nf4 31. d5 Rd8 32. g3 Nd3 33. Bd2 Rc8 34.
Ng4 0-1

[Event "21. Ciutat de Montcada 2013"]
[Site "Montcada i Reixac ESP"]
[Date "2013.06.27"]
[Round "3.20"]
[White "Capellades Subirana, Marc"]
[Black "Guerra Mendez, Jose Angel"]
[Result "0-1"]
[WhiteElo "2245"]
[BlackElo "2505"]
[PlyCount "80"]
[EventDate "2013.06.25"]
[EventType "swiss"]
[EventRounds "9"]
[EventCountry "ESP"]
[Source "lmi"]
[SourceDate "2013.06.25"]

1. e4 c5 2. Nf3 d6 3. d4 cxd4 4. Nxd4 Nf6 5. Nc3 a6 6. Bd3 g6 7. O-O Bg7 8. Kh1
O-O 9. a4 e5 10. Nde2 Nc6 11. Bg5 h6 12. Bh4 g5 13. Bg3 Be6 14. f3 d5 15. exd5
Nxd5 16. Nxd5 Qxd5 17. Nc3 Qa5 18. Ne4 Rad8 19. Qe1 Nb4 20. Bf2 Rd5 21. Kg1 Rc8
22. Be3 f5 23. Bd2 fxe4 24. fxe4 Rd4 25. Be3 Qd8 26. Bxd4 Qxd4+ 27. Kh1 Nxc2
28. Bxc2 Rxc2 29. Rd1 Qxb2 30. Rb1 Qa2 31. Qg3 Qxa4 32. Rb6 Qc4 33. Re1 Rc3 34.
Qf2 Rb3 35. Rd6 a5 36. Qd2 Rb5 37. h3 Qa2 38. Qc3 Rb4 39. Ra1 Qc4 40. Qxc4 Bxc4
0-1

[Event "21. Ciutat de Montcada 2013"]
[Site "Montcada i Reixac ESP"]
[Date "2013.06.28"]
[Round "4.1"]
[White "Flores Rios, Mauricio"]
[Black "Pancevski, Filip"]
[Result "1-0"]
[WhiteElo "2492"]
[BlackElo "2513"]
[PlyCount "123"]
[EventDate "2013.06.25"]
[EventType "swiss"]
[EventRounds "9"]
[EventCountry "ESP"]
[Source "lmi"]
[SourceDate "2013.06.25"]

1. d4 g6 2. c4 Bg7 3. Nf3 d6 4. g3 Nf6 5. Bg2 O-O 6. O-O c6 7. Nc3 Qa5 8. h3
Qa6 9. Nd2 Be6 10. Qb3 d5 11. e4 dxc4 12. Qc2 Nbd7 13. Nf3 Rfd8 14. Ng5 Nf8 15.
Be3 Ne8 16. Rfd1 Bd7 17. a4 b6 18. f4 Qc8 19. g4 Nc7 20. f5 f6 21. Nf3 e6 22.
Nh4 Re8 23. Qf2 a6 24. Rf1 Qd8 25. Rad1 exf5 26. gxf5 b5 27. e5 g5 28. e6 Nfxe6
29. fxe6 Bxe6 30. d5 Nxd5 31. Nxd5 Bxd5 32. Nf5 Re6 33. Bxg5 Qf8 34. Bxd5 cxd5
35. Be3 Rd8 36. Kh1 Rd7 37. Rg1 Qe8 38. Bh6 Qh5 39. Nxg7 Qxh3+ 40. Qh2 Qxh2+
41. Kxh2 Re2+ 42. Kh3 Kf7 43. Nf5 bxa4 44. Nd4 Re4 45. Rg7+ Ke8 46. Rg8+ Kf7
47. Rf8+ Ke7 48. Rh8 Kd6 49. Rc8 Rb7 50. Rc6+ Kd7 51. Rxf6 Rxb2 52. Rxa6 c3 53.
Rg1 Rb7 54. Rxa4 Kd6 55. Bf8+ Ke5 56. Nc6+ Kf4 57. Bh6+ Kf5 58. Rg5+ Ke6 59.
Rxe4+ dxe4 60. Rc5 Rb6 61. Bf4 e3 62. Nd4+ 1-0

[Event "21. Ciutat de Montcada 2013"]
[Site "Montcada i Reixac ESP"]
[Date "2013.06.28"]
[Round "4.2"]
[White "Perez Mitjans, Orelvis"]
[Black "Moreno Ruiz, Javier"]
[Result "0-1"]
[WhiteElo "2496"]
[BlackElo "2486"]
[PlyCount "122"]
[EventDate "2013.06.25"]
[EventType "swiss"]
[EventRounds "9"]
[EventCountry "ESP"]
[Source "lmi"]
[SourceDate "2013.06.25"]

1. e4 c5 2. Nf3 g6 3. c3 d5 4. exd5 Qxd5 5. d4 Bg7 6. dxc5 Qxc5 7. Be3 Qc7 8.
Na3 a6 9. Nc4 Nd7 10. a4 Ngf6 11. a5 O-O 12. Be2 Ng4 13. Bg5 b5 14. Ne3 Nxe3
15. Bxe3 Bb7 16. O-O Nc5 17. Nd2 Rac8 18. Bf3 Bxf3 19. Qxf3 Na4 20. Ra2 Qd7 21.
Qd1 Rfd8 22. Qb3 Nc5 23. Qa3 Qc6 24. Nf3 e5 25. Raa1 Qd5 26. h4 e4 27. Ng5 Nd3
28. Rad1 h6 29. Nh3 Bf8 30. Qa1 Qh5 31. Bb6 Re8 32. f3 Qxh4 33. fxe4 Qxe4 34.
Qb1 Nc5 35. Qxe4 Rxe4 36. Nf4 Na4 37. Nd5 Bg7 38. Nc7 Re7 39. Nxa6 Nxb2 40. Rd5
Na4 41. Rxb5 Nxc3 42. Rb3 Rb7 43. Kh2 Nd5 44. Rfb1 Nxb6 45. axb6 Rc6 46. Kh3
Bd4 47. Rd1 Rbxb6 48. Rxb6 Rxb6 49. Nc7 Rb3+ 50. Kg4 Bf6 51. Ne8 Bg5 52. g3 f5+
53. Kh3 Bf4 54. Rd7 Rxg3+ 55. Kh4 Rg4+ 56. Kh3 Be5 57. Rd8 Rg3+ 58. Kh4 Rg4+
59. Kh3 Rd4 60. Nd6+ Kg7 61. Rd7+ Kf8 0-1

[Event "21. Ciutat de Montcada 2013"]
[Site "Montcada i Reixac ESP"]
[Date "2013.06.28"]
[Round "4.3"]
[White "Cuartas, Jaime Alexander"]
[Black "Nisipeanu, Liviu-Dieter"]
[Result "1/2-1/2"]
[WhiteElo "2484"]
[BlackElo "2667"]
[PlyCount "96"]
[EventDate "2013.06.25"]
[EventType "swiss"]
[EventRounds "9"]
[EventCountry "ESP"]
[Source "lmi"]
[SourceDate "2013.06.25"]

1. e4 e5 2. Nf3 Nc6 3. Bb5 f5 4. Nc3 fxe4 5. Nxe4 Nf6 6. Nxf6+ Qxf6 7. Qe2 Be7
8. O-O Nd4 9. Nxd4 exd4 10. Re1 c6 11. Bd3 d5 12. b3 Kd8 13. Qe5 Qxe5 14. Rxe5
Bf6 15. Re1 c5 16. Ba3 b6 17. Rad1 Kc7 18. b4 c4 19. Be2 b5 20. Bf3 Kc6 21. d3
c3 22. Ra1 Bd7 23. Bc1 a5 24. Ba3 Rhe8 25. Rxe8 Bxe8 26. bxa5 Rxa5 27. Bb4 Ra7
28. Kf1 Bf7 29. a3 Be7 30. Bxe7 Rxe7 31. Rb1 Kc5 32. h4 h6 33. h5 Ra7 34. Rb3
Be6 35. Bd1 Rf7 36. Be2 Bd7 37. Rb1 Be8 38. g3 Ra7 39. Rb3 Ra4 40. Ke1 Ra7 41.
f4 Kd6 42. Kf2 Ke6 43. Bf3 Bc6 44. g4 Kf6 45. Kg3 Ra8 46. Kf2 Ra7 47. Kg3 Ra8
48. Kf2 Ra7 1/2-1/2

[Event "21. Ciutat de Montcada 2013"]
[Site "Montcada i Reixac ESP"]
[Date "2013.06.28"]
[Round "4.4"]
[White "Peralta, Fernando"]
[Black "Gagare, Shardul"]
[Result "1/2-1/2"]
[WhiteElo "2622"]
[BlackElo "2407"]
[PlyCount "41"]
[EventDate "2013.06.25"]
[EventType "swiss"]
[EventRounds "9"]
[EventCountry "ESP"]
[Source "lmi"]
[SourceDate "2013.06.25"]

1. d4 d5 2. c4 dxc4 3. e3 Nf6 4. Bxc4 e6 5. Nf3 a6 6. a4 c5 7. O-O Nc6 8. Qe2
Be7 9. dxc5 Bxc5 10. e4 Qc7 11. e5 Nd5 12. Nc3 Nxc3 13. bxc3 b6 14. Bf4 Bb7 15.
Ng5 Ne7 16. Bd3 Nd5 17. Bd2 Be7 18. c4 Nb4 19. Bb1 Rc8 20. Rc1 Nc6 21. Nf3
1/2-1/2

[Event "21. Ciutat de Montcada 2013"]
[Site "Montcada i Reixac ESP"]
[Date "2013.06.28"]
[Round "4.5"]
[White "Herraiz Hidalgo, Herminio"]
[Black "Ortiz Suarez, Isan Reynaldo"]
[Result "0-1"]
[WhiteElo "2447"]
[BlackElo "2612"]
[PlyCount "74"]
[EventDate "2013.06.25"]
[EventType "swiss"]
[EventRounds "9"]
[EventCountry "ESP"]
[Source "lmi"]
[SourceDate "2013.06.25"]

1. Nf3 c5 2. c4 Nc6 3. Nc3 g6 4. e3 Nf6 5. d4 cxd4 6. exd4 d5 7. cxd5 Nxd5 8.
Qb3 Nxc3 9. bxc3 Bg7 10. Bd3 O-O 11. O-O Be6 12. Qxb7 Bd5 13. Qa6 e5 14. Bb5
Rc8 15. Bg5 Qd7 16. Be3 Bxf3 17. gxf3 Qd5 18. Rfd1 exd4 19. Be2 Rfe8 20. cxd4
Nxd4 21. Rxd4 Bxd4 22. Rd1 Rc2 23. Rxd4 Qxa2 24. Qf6 Rxe2 25. Bh6 Qb1+ 26. Kg2
Rxf2+ 27. Kxf2 Qe1+ 28. Kg2 Re2+ 29. Kh3 Qf1+ 30. Kh4 Rxh2+ 31. Kg5 Qc1+ 32.
Qf4 Qxf4+ 33. Rxf4 Rh5+ 34. Kf6 Rxh6 35. Rc4 g5+ 36. Kxg5 Kg7 37. f4 a5 0-1

[Event "21. Ciutat de Montcada 2013"]
[Site "Montcada i Reixac ESP"]
[Date "2013.06.28"]
[Round "4.6"]
[White "Burmakin, Vladimir"]
[Black "Lorenzo De La Riva, Lazaro"]
[Result "1-0"]
[WhiteElo "2575"]
[BlackElo "2424"]
[PlyCount "91"]
[EventDate "2013.06.25"]
[EventType "swiss"]
[EventRounds "9"]
[EventCountry "ESP"]
[Source "lmi"]
[SourceDate "2013.06.25"]

1. Nf3 g6 2. d4 Bg7 3. e4 d6 4. c4 Bg4 5. Be2 Nc6 6. d5 Bxf3 7. Bxf3 Nd4 8. Nc3
c5 9. O-O Nf6 10. Be3 Nd7 11. Bg4 O-O 12. Bxd7 Qxd7 13. Rb1 b6 14. Qd3 e5 15.
dxe6 fxe6 16. f4 Rf7 17. Rf2 Raf8 18. Rbf1 a6 19. b3 b5 20. Ne2 Nxe2+ 21. Rxe2
Qc6 22. g3 Re8 23. Rd1 Bf8 24. Bc1 bxc4 25. Qxc4 d5 26. Qc2 Rd8 27. Bb2 Rdd7
28. exd5 exd5 29. Rde1 d4 30. Re8 d3 31. Qc4 d2 32. Rd1 Qb5 33. Qc3 Rd4 34. Qe3
Qc6 35. Bxd4 cxd4 36. Qe4 Qc3 37. Qe2 d3 38. Qxd2 Qd4+ 39. Qf2 Qc3 40. Qe3 Rd7
41. Qe6+ Rf7 42. Qd5 Kg7 43. Qxd3 Bc5+ 44. Kg2 Qb2+ 45. Re2 Qf6 46. Qd5 1-0

[Event "21. Ciutat de Montcada 2013"]
[Site "Montcada i Reixac ESP"]
[Date "2013.06.28"]
[Round "4.7"]
[White "Deepan, Chakkravarthy J"]
[Black "Cori, Jorge"]
[Result "0-1"]
[WhiteElo "2468"]
[BlackElo "2549"]
[PlyCount "61"]
[EventDate "2013.06.25"]
[EventType "swiss"]
[EventRounds "9"]
[EventCountry "ESP"]
[Source "lmi"]
[SourceDate "2013.06.25"]

1. d4 Nf6 2. c4 g6 3. Nc3 d5 4. Qb3 dxc4 5. Qxc4 Bg7 6. e4 a6 7. Bf4 b5 8. Qxc7
Qxc7 9. Bxc7 Bb7 10. f3 O-O 11. Rd1 Rc8 12. Bxb8 Raxb8 13. Bd3 Nd7 14. Nge2 e5
15. d5 Bf8 16. h4 Nc5 17. a3 Nxd3+ 18. Rxd3 a5 19. Nxb5 Ba6 20. a4 Bxb5 21.
axb5 Rxb5 22. b3 a4 23. Kf2 Bc5+ 24. Kg3 Rxb3 25. Rd2 Bb4 26. Ra2 a3 27. Rc1
Rxc1 28. Nxc1 Rb2 29. Ra1 Bd6 30. Nd3 Rd2 31. Ne1 0-1

[Event "21. Ciutat de Montcada 2013"]
[Site "Montcada i Reixac ESP"]
[Date "2013.06.28"]
[Round "4.8"]
[White "Sanchez Ibern, Marc"]
[Black "Cabrera, Alexis"]
[Result "0-1"]
[WhiteElo "2401"]
[BlackElo "2525"]
[PlyCount "54"]
[EventDate "2013.06.25"]
[EventType "swiss"]
[EventRounds "9"]
[EventCountry "ESP"]
[Source "lmi"]
[SourceDate "2013.06.25"]

1. e4 e5 2. d4 exd4 3. Qxd4 Nc6 4. Qe3 g6 5. Nc3 Bg7 6. Bd2 Nf6 7. O-O-O O-O 8.
h4 Re8 9. Qf4 Ne5 10. Be2 h5 11. Nh3 c6 12. f3 b5 13. g4 b4 14. Na4 Qa5 15. b3
hxg4 16. fxg4 Nexg4 17. Ng5 Qe5 18. Qxe5 Nxe5 19. Bxb4 d5 20. exd5 Nxd5 21. Bd2
Ng4 22. Rhe1 Bd4 23. c4 Nb6 24. Nc3 Bf5 25. h5 f6 26. Nf3 Bc5 27. Nh4 Ba3# 0-1

[Event "21. Ciutat de Montcada 2013"]
[Site "Montcada i Reixac ESP"]
[Date "2013.06.28"]
[Round "4.9"]
[White "Martinez Ramirez, Erik"]
[Black "Cruz, Cristhian"]
[Result "1/2-1/2"]
[WhiteElo "2306"]
[BlackElo "2499"]
[PlyCount "57"]
[EventDate "2013.06.25"]
[EventType "swiss"]
[EventRounds "9"]
[EventCountry "ESP"]
[Source "lmi"]
[SourceDate "2013.06.25"]

1. e4 e6 2. Nf3 d5 3. Nc3 Nf6 4. e5 Ne4 5. Ne2 Bc5 6. d4 Be7 7. Ng3 c5 8. c3
cxd4 9. Nxd4 Nxg3 10. hxg3 Nc6 11. f4 Qb6 12. Qb3 Qxb3 13. Nxb3 Bd7 14. Be3
O-O-O 15. Bd3 h5 16. Bc5 Bxc5 17. Nxc5 g5 18. Kf2 h4 19. Kf3 hxg3 20. Kxg3 Rdg8
21. Rxh8 Rxh8 22. Re1 Rg8 23. Re2 b6 24. Nxd7 gxf4+ 25. Kxf4 Kxd7 26. Bb5 Kc7
27. Bxc6 Kxc6 28. b4 Rh8 29. Kg3 1/2-1/2

[Event "21. Ciutat de Montcada 2013"]
[Site "Montcada i Reixac ESP"]
[Date "2013.06.28"]
[Round "4.10"]
[White "Gleizerov, Evgeny"]
[Black "Ducarmon, Quinten"]
[Result "1-0"]
[WhiteElo "2553"]
[BlackElo "2436"]
[PlyCount "43"]
[EventDate "2013.06.25"]
[EventType "swiss"]
[EventRounds "9"]
[EventCountry "ESP"]
[Source "lmi"]
[SourceDate "2013.06.25"]

1. d4 Nf6 2. c4 e6 3. g3 c5 4. d5 b5 5. dxe6 fxe6 6. Bg2 d5 7. cxd5 exd5 8. Nc3
Bb7 9. Bg5 Be7 10. Nh3 Na6 11. Nf4 Nc7 12. O-O Ng8 13. Bxe7 Nxe7 14. e4 d4 15.
Qh5+ g6 16. Qe5 Kf7 17. Nxb5 Nxb5 18. Ne6 Qd6 19. Qg7+ Kxe6 20. Bh3+ Nf5 21.
exf5+ gxf5 22. Rfe1+ 1-0

[Event "21. Ciutat de Montcada 2013"]
[Site "Montcada i Reixac ESP"]
[Date "2013.06.28"]
[Round "4.11"]
[White "Narciso Dublan, Marc"]
[Black "Aloma Vidal, Robert"]
[Result "0-1"]
[WhiteElo "2536"]
[BlackElo "2421"]
[PlyCount "90"]
[EventDate "2013.06.25"]
[EventType "swiss"]
[EventRounds "9"]
[EventCountry "ESP"]
[Source "lmi"]
[SourceDate "2013.06.25"]

1. c4 e5 2. Nc3 Nc6 3. Nf3 Nf6 4. d3 Bb4 5. Bd2 O-O 6. e3 d5 7. cxd5 Nxd5 8.
Be2 Be6 9. O-O Qe7 10. Qb1 f5 11. a3 Bd6 12. b4 Qf6 13. Rc1 Rae8 14. Nb5 g5 15.
Nxd6 cxd6 16. b5 Nd8 17. Be1 g4 18. Nd2 Nf7 19. Bf1 Ng5 20. Qc2 Re7 21. Qd1 Rg7
22. Kh1 Qh6 23. Nc4 Rf6 24. Nxd6 Qxh2+ 25. Kxh2 Rh6+ 26. Kg1 Nf3+ 27. Qxf3 gxf3
28. g3 Rg5 29. Bd2 f4 30. exf4 exf4 31. Rc4 Rgh5 32. Bg2 fxg2 33. Kxg2 Bh3+ 34.
Kf3 Rxd6 35. gxf4 Bf5 36. Rg1+ Kf7 37. Rd4 Rh3+ 38. Ke2 Re6+ 39. Kd1 Rxd3 40.
Rxd3 Bxd3 41. Rg5 Rd6 42. a4 Nf6 43. f3 Rd5 44. Rg2 h5 45. Rh2 Nd7 0-1

[Event "21. Ciutat de Montcada 2013"]
[Site "Montcada i Reixac ESP"]
[Date "2013.06.28"]
[Round "4.13"]
[White "Guerra Mendez, Jose Angel"]
[Black "Perpinya Rofes, Lluis Maria"]
[Result "1-0"]
[WhiteElo "2505"]
[BlackElo "2400"]
[PlyCount "87"]
[EventDate "2013.06.25"]
[EventType "swiss"]
[EventRounds "9"]
[EventCountry "ESP"]
[Source "lmi"]
[SourceDate "2013.06.25"]

1. e4 c5 2. Nf3 Nc6 3. d4 cxd4 4. Nxd4 Nf6 5. Nc3 d6 6. Bg5 e6 7. Qd2 a6 8.
O-O-O Bd7 9. f4 b5 10. Bxf6 gxf6 11. Kb1 Qb6 12. Nce2 h5 13. g3 Rc8 14. Bg2 Na5
15. b3 Rc7 16. Rhf1 Bh6 17. Qd3 Nc4 18. c3 a5 19. Nc2 a4 20. Qd4 axb3 21. axb3
Qxd4 22. Nexd4 Nb6 23. Kb2 Ke7 24. Ra1 h4 25. Ra6 Nc8 26. Nb4 Rg8 27. Rf3 hxg3
28. hxg3 Rc5 29. Bf1 e5 30. fxe5 fxe5 31. Nf5+ Bxf5 32. Rxf5 Rxg3 33. Nd5+ Kf8
34. Rf2 Ne7 35. Ra8+ Rc8 36. Rxc8+ Nxc8 37. Bxb5 Ne7 38. Bc4 Nxd5 39. Bxd5 Bf4
40. b4 Ke7 41. b5 Rh3 42. b6 Kd7 43. Kb3 f6 44. Ra2 1-0